| 000 | 00867nam a22002777a 4500 | ||
|---|---|---|---|
| 999 |
_c364 _d364 |
||
| 001 | 12623 | ||
| 003 | BD-DhUAP | ||
| 005 | 20210116112835.0 | ||
| 008 | 200121s20072006ii | 001 0 eng d | ||
| 020 | _a9780070601666 | ||
| 020 | _a0070601666 | ||
| 040 |
_aBD-DhUAP _cBD-DhUAP _dBD-DhUAP _bEng |
||
| 082 | 0 | 0 |
_223 _a005.133 HUB |
| 100 | _aHubbard, John R. | ||
| 245 |
_aSchaum's outlines programming with C++ / _cJohn R. Hubbard and Atul Kahate. |
||
| 250 | _a2nd ed. | ||
| 260 |
_aNew Delhi : _bTata McGraw-hill, _cc2006 [Reprinted 2007]. |
||
| 300 |
_avarious pages : _billustrations ; _c24 cm. |
||
| 490 | _aSchaum's outlines. | ||
| 504 | _aIncludes bibliographical references and index. | ||
| 650 | 0 | _aC (Computer program language). | |
| 700 | _aKahate, Atul. | ||
| 942 |
_2ddc _cBK |
||